000 00380pab a2200145 454500
008 180718b1986 xxu||||| |||| 00| 0 eng d
100 _aCanham, Hugh O.
245 _aComparable valuation of timber and recreation for forest planning
260 _c1986
300 _a335-9
362 _aDec.
650 _aForests
773 _aJournal of Environmental Management
909 _a8848
999 _c8848
_d8848